Catalog

Record Details

Catalog Search



Der Einfluss Philos auf die älteste christliche Exegese (Barnabas, Justin und Clemens von Alexandria) : ein Beitrag zur Geschichte der allegorisch-mystischen Schriftauslegung im christlichen Altertum / von Paul Heinisch.

Record details

  • Physical Description: 296 s.
  • Publisher: Münster i. W. : Verlag der Aschendorffschen Buchhandlung, 1908.

Content descriptions

General Note:
Rejstřík: s. [293]-296
Na obálce ediční a další nakladatelská literatura
Bibliography, etc. Note:
Bibliografické poznámky pod čarou
Language Note:
Psáno německy a řecky
Subject: bible > Starý zákon
exegeze > křesťanská
křesťanství a filozofie
alegorie > bible
Genre: monografie

Available copies

  • 1 of 1 copy available at Common Catalog SPOK.

Holds

  • 0 current holds with 1 total copy.
Show Only Available Copies
Location Call Number / Copy Notes Barcode Shelving Location Status Due Date
ETS Library 220.6 424470014351 Volný výběr Available -

LDR 01680cam a22004097a 4500
00133793
003CZ-PrJAB
00520160321201258.0
007ta
008080905s1908 gw ||||er|||||||||||ger|d
035 . ‡a(CONS)11693
035 . ‡a(CZ PrCU)001051013
040 . ‡aABC013 ‡bcze ‡cABC013 ‡dABD064
0411 . ‡ager ‡agre
082 . ‡a220.6
1001 . ‡aHeinisch, Paul, ‡d1878-1956 ‡4aut
24514. ‡aDer Einfluss Philos auf die älteste christliche Exegese (Barnabas, Justin und Clemens von Alexandria) : ‡bein Beitrag zur Geschichte der allegorisch-mystischen Schriftauslegung im christlichen Altertum / ‡cvon Paul Heinisch.
260 . ‡aMünster i. W. : ‡bVerlag der Aschendorffschen Buchhandlung, ‡c1908.
300 . ‡a296 s.
4901 . ‡aAlttestamentliche Abhandlungen ; ‡vH. 1/2
500 . ‡aRejstřík: s. [293]-296
500 . ‡aNa obálce ediční a další nakladatelská literatura
504 . ‡aBibliografické poznámky pod čarou
546 . ‡aPsáno německy a řecky
65004. ‡abible ‡xStarý zákon
65007. ‡aexegeze ‡7ph118843 ‡xkřesťanská ‡2czenas
65007. ‡akřesťanství a filozofie ‡7ph115075 ‡2czenas
65007. ‡aalegorie ‡7ph173216 ‡xbible ‡2czenas
655 7. ‡amonografie ‡7fd132842 ‡2czenas
830 0. ‡aAlttestamentliche Abhandlungen
8524 . ‡bETS ‡bETS ‡cVolný výběr ‡j220.6 ‡p424470014351 ‡y$50.00
910 . ‡aABG450
993 1. ‡1KTF ‡2KTF ‡3SNZ1189 ‡64206052884 ‡54206052884 ‡f04 ‡mBOOK ‡u500.00 ‡w001051013 ‡x000030
993 1. ‡1KTF ‡2KTF ‡3SSZ323 ‡64206048336 ‡54206048336 ‡f04 ‡mBOOK ‡u500.00 ‡w001051013 ‡x000020
993 1. ‡1LES ‡2TGM ‡3M-29800 ‡53175058454 ‡f01 ‡mBOOK ‡w001051013 ‡x000010
997 . ‡aBK
999 . ‡a11693 ‡c11693 ‡tbiblio
905 . ‡uadmin
901 . ‡a33793 ‡b ‡c33793 ‡tbiblio ‡sets

Additional Resources